000 00227nam a22000857a 4500
008 220526b ||||| |||| 00| 0 eng d
100 _aBond, Arthur
245 _aHampden Machine Cancellations
650 _aHampden|Machine Cancellations
999 _c3397
_d3397